00354 2200145 4500001002100000005001500021035002000036245005600056100002000112300001200132260003000144082000800174084001400182990001200196INLIS00000000000180120250506095001 a0010-05250000931 aKumpulan Cerita Rakyat Nusantara /cAngga Wicaksono0 aAngga Wicaksono a142 hlm aSurabaya :bCV. Nusantara a813 a813 ANG k a0754572